[Event "FRA-chT2 1011"]
[Site "France"]
[Date "2010.11.14"]
[Round "3.7"]
[White "Rode, Anthony"]
[Black "Groshens, Serge"]
[Result "0-1"]
[WhiteElo "2050"]
[BlackElo "2004"]
[PlyCount "100"]
[EventDate "2010.10.17"]
[EventType "team-tourn"]
[EventRounds "11"]
[EventCountry "FRA"]
[SourceTitle "EXT 2012"]
[Source "ChessBase"]
[SourceDate "2011.11.24"]
[SourceVersion "1"]
[SourceVersionDate "2011.11.24"]
[SourceQuality "1"]

1. d4 Nf6 2. Nf3 e6 3. e3 b6 4. Bd3 Bb7 5. 0-0 Be7 6. c4 0-0 7. Nc3 d5 8. cxd5 exd5 9. Ne5 c5 10. f4 Nc6 11. Rf3 cxd4 12. Nxc6 Bxc6 13. exd4 Ne4 14. f5 Bf6 15. Be3 Qd7 16. Rh3 Qxf5 17. Rh5 Qd7 18. Qf3 Rfe8 19. Rf1 Rad8 20. Rh3 h6 21. Qh5 Ng5 22. Bxg5 Bxg5 23. Rhf3 Re7 24. Rg3 g6 25. Qf3 Re3 26. Qd1 Rxg3 27. hxg3 Re8 28. Qc2 Kg7 29. Nd1 Bb5 30. Bxb5 Qxb5 31. Qc7 Re7 32. Qd6 Qc4 33. Nc3 Qxd4+ 34. Kh2 Qe5 35. Qc6 d4 36. Nd5 Re6 37. Qd7 Bf6 38. Nxf6 Rxf6 39. Rxf6 Qxf6 40. Qd5 a5 41. a4 Qf2 42. Qe5+ Kh7 43. Qd5 h5 44. b3 Qf6 45. Qd7 Kg7 46. Kg1 Qe5 47. g4 hxg4 48. Qxg4 d3 49. Kf2 d2 50. Qe2 Qd4+ 0-1